Entry Personal Name
Number of records used in: 1
001 - CONTROL NUMBER
003 - CONTROL NUMBER IDENTIFIER
005 - DATE AND TIME OF LATEST TRANSACTION
- control field:
20230919115846.0
008 - FIXED-LENGTH DATA ELEMENTS
- fixed length control field:
820309n| acannaabn |n aaa
010 ## - LIBRARY OF CONGRESS CONTROL NUMBER
- LC control number:
n 82005728
040 ## - CATALOGING SOURCE
- Original cataloging agency:
DLC
- Transcribing agency:
DLC
- Modifying agency:
DLC
100 1# - HEADING--PERSONAL NAME
- Personal name:
Cooley, John K.,
- Dates associated with a name:
1927-2008
670 ## - SOURCE DATA FOUND
- Source citation:
His Baal, Christ, and Mohammed, 1965.
670 ## - SOURCE DATA FOUND
- Source citation:
Independent online ed., Aug. 22, 2008
- Information found:
(John Cooley; b. John Kent Cooley, Nov. 25, 1927, New York; d. Aug. 6, 2008, Athens; scholar-reporter on the Middle East)